|
|
|
|
| LEADER |
00000nam a2200000 a 4500 |
| 001 |
vtls001430133 |
| 003 |
SK-MaSNL |
| 005 |
20260302001845.0 |
| 008 |
251113s2000 EE a r est |
| 020 |
|
|
|a 9985009215
|c b.c.
|
| 035 |
|
|
|a SNK000385156
|
| 035 |
|
|
|a urn:nbn:sk:snk-am3hq6i
|
| 035 |
|
|
|a 0D534777-45CD-4881-A898-001947C359A7
|
| 035 |
|
|
|a urn:nbn:sk:snk-am00ctfw
|
| 040 |
|
|
|a SNK
|b slo
|c SNK
|e AACR2
|
| 041 |
0 |
|
|a est
|
| 044 |
|
|
|a EE
|
| 080 |
|
|
|a 796.032.2(100)(091)(084.12)
|2 1981
|
| 100 |
1 |
|
|a Oxlade, Chris
|4 aut
|9 46104
|
| 245 |
1 |
0 |
|a Olümpiamängud
|b avasta see tähtsaim spordisündmus, mis toob kokku maailma parimad spostlased rahu ja internatsionalismi vaimus
|c Chris Oxlade, David Ballheimer ; [inglise keelest tölkinud Olev Luhaveer] ; fotod Andy Crawford, Bob Langrish, Steve L
|
| 260 |
|
|
|a [Tallinn]
|b Koolibri
|c 2000
|e [Martin
|f Neografia]
|
| 300 |
|
|
|a 62 s.
|c 29 cm
|
| 490 |
1 |
|
|a Silmaring
|
| 500 |
|
|
|a Podnázov prevzatý z obalu
|
| 650 |
0 |
7 |
|a hry olympijské
|x dejiny
|x knihy pre deti ilustrované
|2 SNK
|9 392376
|
| 700 |
1 |
|
|a Ballheimer, David
|4 aut
|9 392377
|
| 700 |
1 |
|
|a Luhaveer, Olev
|4 trl
|9 638417
|
| 700 |
1 |
|
|a Crawford, Andy
|4 pht
|9 43217
|
| 700 |
1 |
|
|a Langrish, Bob
|4 pht
|9 45227
|
| 700 |
1 |
|
|a Teague, Steve
|4 pht
|9 638418
|
| 830 |
|
0 |
|a Silmaring
|9 290513
|
| 919 |
|
|
|a 9985-0-0921-5
|
| 999 |
|
|
|c 985644
|d 987574
|
| 952 |
|
|
|t P60, <03>, [BOOK], {603}
|a SNK
|b SNK
|y PREZ
|7 0
|p 17A0334345
|o snkSB 64627
|i snkKSP 2510/2002
|0 0
|1 0
|4 0
|d 2002-03-06
|f 1
|l 0
|r 2025-04-14 00:00:00
|w 2026-02-24
|